| 000 | 00537nam a22002057a 4500 | ||
|---|---|---|---|
| 001 | 00107 | ||
| 003 | DO-SdBNP | ||
| 005 | 20180213135008.0 | ||
| 007 | 00107 | ||
| 008 | 160318b dr 19uu ||||| |||| 00| 0 spa d | ||
| 040 |
_aBPMSU _bspa _cBPMSU |
||
| 092 |
_axxxxxxxx _bxxxxxxxx |
||
| 245 | _aVersión métrica moderna del poema del cid / | ||
| 246 | _aPoema del Cid / | ||
| 260 |
_aSanto Domingo : _b(s. n.), _c(s.f.) |
||
| 300 |
_a159 p. : _c18 cm. |
||
| 942 |
_2ddc _cBK |
||
| 945 | _aInventariado, 2018/ YL | ||
| 956 | _aBrenda Tavárez | ||
| 999 |
_c9304 _d9304 |
||